000 01083nam a22003377a 4500
001 27150
003 DO-SdBPM
005 20260528114108.0
007 ta
008 090519s1999 sp | |||| 000 0 spa
020 _a8481302031
040 _aDO-SdBPM
_bspa
_cBPMSU
_erda
041 _aspa
082 0 4 _a843.91
_bM259c 2000
_222
100 1 _aFromm, Erich
_d1900-1980
_4aut.
_eautor
240 1 4 _aThe dogma of Christ
_lEspañol
245 1 3 _aLa condición humana actual /
_cErich Fromm ; prólogo Mario Vargas Llosa ; traducción César Comet
264 _aMadrid :
_bMilenium
_c1999
300 _a253 páginas :
_c20 cm.
336 _atexto
_btxt
_2rdacontent
337 _asin meidación
_bn
_2rda
338 _avolumen
_bnc
_2rdacarrier
490 0 _aMilenium ;
_aLas 100 joyas del Milenium,
_v6
590 _aInventariado, 2026/VM
650 7 _aNovela francesa.
_2
650 7 _aRevolución
_vNovela.
830 _aMilenium. Las 100 joyas del Milenium
_v87
830 _aBiblioteca del Milenium
910 _aVMateo V. Control de calidad. BPMSU
942 _2ddc
_cBK
999 _c8578
_d8578